| 000 | 00336nam a2200121 a 4500 | ||
|---|---|---|---|
| 005 | 20141022142000.0 | ||
| 008 | 080925s19uu xx 00 eng d | ||
| 050 |
_aVHS _bS1 1992 |
||
| 245 | _aPelikula: an essay on the philippine film 1897-1960. | ||
| 650 | _aVHS. | ||
| 650 | _aAn essay on the philippine film 1897-1960 | ||
| 942 | _cAVM | ||
| 999 |
_c276205 _d276205 |
||